| 000 | 00439nam a22001697a 4500 | ||
|---|---|---|---|
| 003 | NUST - PNEC | ||
| 005 | 20170116180842.0 | ||
| 008 | 150822b xxu||||| |||| 00| 0 eng d | ||
| 020 | _a0849337003 | ||
| 040 | _cLIBRARY | ||
| 082 | _a551.46 KEN | ||
| 100 |
_95398 _aKennish, Michael J. |
||
| 245 |
_aPractical handbook of marine science _cMichael J,Kennish, |
||
| 260 | _cc 1989 | ||
| 650 |
_95399 _aMarine biology _x- |
||
| 942 |
_2ddc _cBK |
||
| 999 |
_c64423 _d64423 |
||